000
00320nam a2200133Ia 4500
008
240624s9999 xx 000 0 und d
041
_a
eng
082
_a
300.1 FOS
100
_a
STINE ROBERT A
245
_a
BUSINESS ANALYSIS USING REGRESSION A CAS
260
_c
1998
_b
Springer
300
_a
348 p.
365
_c
ERU
_b
30
999
_c
30837
_d
30837